| 000 | 00653 a2200217 4500 | ||
|---|---|---|---|
| 003 | Nust | ||
| 005 | 20170207154015.0 | ||
| 010 | _a 98025050 | ||
| 020 | _a0201361205 | ||
| 040 | _cNust | ||
| 082 | 0 | 0 | _a005.4 |
| 100 | 1 | _aSedgewick, Robert, | |
| 245 | 1 | 0 |
_aAlgorithms in Java -(E-BOOK) _cRobert Sedgewick. |
| 250 | _a3rd ed. | ||
| 260 |
_aBoston : _bAddison-Wesley, _cc2003-<2004> |
||
| 300 |
_av. <1-2 > : _bill. ; _c24 cm. |
||
| 505 | 1 | _a[v. 1]. Parts 1-4: fundamentals, data structures, sorting, searching -- [v. 2]. Part 5: graph algorithms -- | |
| 650 | 0 | _aComputer algorithms. | |
| 650 | 0 | _aJava (Computer program language) | |
| 651 | _aE-BOOK | ||
| 942 |
_2ddc _cBK |
||
| 999 |
_c191378 _d191378 |
||